Democracia en la participación de la zona franca santandereana (Registro nro. 137627)

Detalles MARC
000 -CABECERA
campo de control de longitud fija 00472nam a2200157Ia 4500
001 - NÚMERO DE CONTROL
campo de control 137627
003 - IDENTIFICADOR DEL NÚMERO DE CONTROL
campo de control 229696
005 - FECHA Y HORA DE LA ÚLTIMA TRANSACCIÓN
campo de control 20231109070806.0
008 - DATOS DE LONGITUD FIJA--INFORMACIÓN GENERAL
campo de control de longitud fija ||||||n9999 ||| || ||
100 ## - ENTRADA PRINCIPAL--NOMBRE DE PERSONA
Nombre de persona Saru, Alberto Luís
9 (RLIN) 168504
245 #0 - MENCIÓN DE TÍTULO
Título Democracia en la participación de la zona franca santandereana
562 ## - NOTA DE IDENTIFICACIÓN DE LA COPIA Y VERSIÓN
Número de copias 2
650 ## - PUNTO DE ACCESO ADICIONAL DE MATERIA--TÉRMINO DE MATERIA
Término de materia o nombre geográfico como elemento de entrada DEMOCRACIA--SANTANDER (COLOMBIA)
9 (RLIN) 168312
650 ## - PUNTO DE ACCESO ADICIONAL DE MATERIA--TÉRMINO DE MATERIA
Término de materia o nombre geográfico como elemento de entrada PARTICIPACIÓN DEMOCRATICA--(SANTANDER, COLOMBIA)
9 (RLIN) 168313
942 ## - ELEMENTOS DE PUNTO DE ACCESO ADICIONAL (KOHA)
Tipo de ítem Koha Tesis
Existencias
Estado de retiro Estado de pérdida Estado dañado No para préstamo Código de colección Localización permanente Ubicación/localización actual Coste, precio normal de compra Total de préstamos Signatura topográfica completa Código de barras Número de copia Tipo de ítem Koha
        Trabajos de Grado Bucaramanga - Sede Santander Bucaramanga - Sede Santander 0.00   SAN008 2012 SAN6022 1 Tesis
        Trabajos de Grado Bucaramanga - Sede Santander Bucaramanga - Sede Santander 0.00   SAN008 2012 SAN6023 2 Tesis